[Event "Amsterdam NH Hotels 1st"]
[Site "Amsterdam"]
[Date "2006.08.21"]
[Round "3"]
[White "Carlsen, Magnus"]
[Black "Jussupow, Artur"]
[Result "1/2-1/2"]
[WhiteElo "2675"]
[BlackElo "2617"]
[PlyCount "138"]
[EventDate "2006.08.19"]
[EventType "schev"]
[EventRounds "10"]
[EventCountry "NED"]
[SourceTitle "CBM 114"]
[Source "ChessBase"]
[SourceDate "2006.10.02"]
[SourceVersion "1"]
[SourceVersionDate "2006.10.02"]
[SourceQuality "1"]

1. e4 e6 2. d4 d5 3. Nd2 c5 4. Ngf3 Nc6 5. exd5 exd5 6. Bb5 Bd6 7. dxc5 Bxc5 8. Nb3 Bd6 9. O-O Nge7 10. Re1 O-O 11. Bd3 h6 12. h3 Nf5 13. c3 Qf6 14. Bc2 Rd8 15. Qd3 g6 16. Bd2 ({RR} 16. Qd2 g5 17. Qd3 Bc7 18. Be3 Nxe3 19. Rxe3 Bb6 20. Nbd4 Bd7 21. Rae1 Kf8 22. Nxc6 bxc6 23. Ne5 Bxe3 24. Rxe3 Be6 25. Nxc6 Re8 26. Ne5 Re7 27. Qd4 Qg7 28. Qc5 Rae8 29. Ba4 Qf6 30. Bxe8 Kxe8 {Mamedyarov,S (2764)-Ivanchuk,V (2678) Chess.com INT 2020 1-0 (35)}) ({RR} 16. Qd2 Bf8 17. Qf4 Bg7 18. Bd2 g5 19. Qh2 Bf8 20. Rad1 Bd6 21. Qh1 Bd7 22. g4 Nfe7 23. Nbd4 Ng6 24. Be3 Re8 25. Nf5 Bxf5 26. Bxf5 Bf4 27. Bd4 Qd6 28. h4 Nxd4 29. cxd4 Nxh4 30. Nxh4 gxh4 {Melamed,T (2353)-Jussupow,A (2589) Germany 2011 ½-½ (35)}) 16... a5 17. Be3 $146 ({RR} 17. a4 b6 18. Be3 Ba6 19. Qd2 Nxe3 20. Qxe3 Bf4 21. Qxb6 Rdb8 22. Qc5 Bc4 23. Nbd4 Nxd4 24. Qxd4 Qxd4 25. Nxd4 Rxb2 26. Rad1 Rc8 27. g3 Bg5 28. h4 Bf6 29. Bd3 Bxd4 30. cxd4 Bb3 31. Rb1 Rxb1 {Orak,L (2290)-Vidovic,M (2236) Nedelisce 2018 ½-½ (54)}) ({RR} 17. a4 b6 18. Qe2 Ba6 19. Qd1 Bf8 20. Bxf5 Qxf5 21. Be3 Rab8 22. Nbd4 Nxd4 23. Nxd4 Qf6 24. Qd2 Kh7 25. Bf4 Rbc8 26. Be5 Qh4 27. Qe3 Bg7 28. Nf3 Qc4 29. Qxb6 Qc6 30. Qxa5 Ra8 31. Qb4 Bc4 {Senior,G (2043)-Townsend,M (2187) Harrogate ENG 2024 ½-½ (37)}) ({RR} 17. a4 b6 18. Qe2 Ba6 19. Qd1 Kh7 20. Bxf5 Qxf5 21. Nbd4 Nxd4 22. Nxd4 Qf6 23. Be3 Bc7 24. Qd2 g5 25. Nf3 Qf5 26. h4 gxh4 27. Nxh4 Qh5 28. g3 Bc8 29. Bf4 Bxf4 30. Qxf4 Be6 31. Rad1 Rg8 {Rublevsky,S (2679)-Lysyj,I (2578) Krasnoyarsk 2007 1-0 (67)}) 17... Nxe3 18. Rxe3 Bf5 19. Qd1 Be4 20. a4 Bf4 21. Re1 Bc7 22. Nbd4 Bxf3 23. Qxf3 Qxf3 24. Nxf3 Bb6 25. Rad1 Rd6 26. Rd2 Rad8 27. Red1 Bc5 28. Kf1 d4 29. Be4 dxc3 30. bxc3 Rxd2 31. Rxd2 Rxd2 32. Nxd2 Nd8 33. Nb3 Bb6 34. Ke2 Kf8 35. f3 Ne6 36. Bxb7 Nc5 37. Nxc5 Bxc5 38. Kd3 Ke7 39. Kc4 Kd6 40. Bd5 f6 41. Be4 g5 42. Kb5 h5 43. Kxa5 h4 44. Kb5 Bg1 45. a5 Bf2 46. a6 Ba7 47. f4 gxf4 48. Kc4 Ke5 49. Bf3 Bg1 50. Kd3 Ba7 51. Bb7 Bb6 52. Ke2 Ba7 53. Kf3 f5 54. Ke2 Bb6 55. Kd3 Ba7 56. Kc4 Kd6 57. Bf3 Bg1 58. Kb5 Ba7 59. Bh5 Be3 60. Bg6 f3 61. gxf3 f4 62. Be4 Ba7 63. c4 Bg1 64. a7 Bxa7 65. Ka6 Bc5 66. Kb7 Bd4 67. Kc8 Bb6 68. Bd5 Ba5 69. Be4 Bb6 1/2-1/2

[Event "Amsterdam NH Hotels 1st"]
[Site "Amsterdam"]
[Date "2006.08.23"]
[Round "5"]
[White "Carlsen, Magnus"]
[Black "Andersson, Ulf"]
[Result "1-0"]
[WhiteElo "2675"]
[BlackElo "2542"]
[PlyCount "43"]
[EventDate "2006.08.19"]
[EventType "schev"]
[EventRounds "10"]
[EventCountry "NED"]
[SourceTitle "CBM 114"]
[Source "ChessBase"]
[SourceDate "2006.10.02"]
[SourceVersion "1"]
[SourceVersionDate "2006.10.02"]
[SourceQuality "1"]

1. e4 e6 2. d4 d5 3. Nc3 dxe4 4. Nxe4 Nd7 5. Nf3 Ngf6 6. Bg5 Be7 7. Nxf6+ Nxf6 8. Bd3 c5 9. dxc5 Qa5+ 10. c3 Qxc5 11. O-O ({RR} 11. Qe2 a6 12. O-O-O b5 13. Kb1 Bb7 14. Be3 Qc7 15. Bd4 Rd8 16. Rhe1 Bd5 17. Ne5 O-O 18. Qe3 Rc8 19. Qh3 g6 20. Qh6 Bc5 21. Bc2 Rcd8 22. Qh4 Bxd4 23. Rxd4 Kg7 24. Rf4 Qe7 25. g4 Bb7 {Cheparinov,I (2687)-Ljubojevic,L (2555) Amsterdam 2008 ½-½ (84)}) ({RR} 11. Qe2 Bd7 12. Ne5 Bc6 13. O-O-O Nd7 14. Bxe7 Qxe5 15. Ba3 O-O-O 16. f3 Qxe2 17. Bxe2 Nf6 18. c4 a6 19. b3 Rxd1+ 20. Rxd1 Rd8 21. Re1 Nd7 22. Kc2 f6 23. Be7 Re8 24. Bd6 Nf8 25. Bd3 Kd7 {Smeets,J (2532)-Andersson,U (2542) Amsterdam 2006 1-0 (45)}) 11... Bd7 ({RR} 11... O-O 12. Qc2 h6 13. Be3 Qc7 14. Bd4 Bd7 15. Ne5 Rfd8 16. h3 Be8 17. Rad1 Bc5 18. Bxc5 Qxc5 19. Rfe1 Rd5 20. b4 Qc7 21. Nf3 a5 22. c4 Rdd8 23. b5 Nd7 24. Qe2 Nc5 25. Bb1 Rxd1 26. Rxd1 {Zakurdjaeva,I (2150)-Dubnikova,A (2103) Sochi RUS 2025 ½-½ (60)}) 12. Re1 $146 ({RR} 12. Qe2 Bc6 13. Ne5 O-O 14. Rfd1 Rad8 15. Rac1 a5 16. a3 a4 17. Nxc6 bxc6 18. Bxf6 Bxf6 19. Qe4 g6 20. Qxa4 Bg5 21. Rb1 Rd6 22. Be2 Rfd8 23. Rxd6 Rxd6 24. Rd1 e5 25. g3 Kg7 26. Rxd6 Qxd6 {Nguyen,N (2466)-Bokros,A (2470) Hungary 2005 1-0 (46)}) ({RR} 12. Qc2 Bc6 13. b4 Qb6 14. Ne5 h6 15. Be3 Qc7 16. Nxc6 Qxc6 17. b5 Qd6 18. Rad1 Nd5 19. Be4 Nxe3 20. fxe3 Qb6 {1-0 (20) Lysiak,M (2075)-Gazik,R (2170) Ustron 2003}) 12... Ng4 13. Bxe7 Qxf2+ 14. Kh1 Kxe7 15. Re2 Qc5 16. Qe1 Rad8 17. Qh4+ Nf6 18. Nd4 Bc6 19. Rf1 Rhg8 20. Qg3 Kd7 21. Bxh7 Rh8 22. Bg6 1-0

[Event "Amsterdam NH Hotels 1st"]
[Site "Amsterdam"]
[Date "2006.08.26"]
[Round "7"]
[White "Carlsen, Magnus"]
[Black "Nunn, John DM"]
[Result "1-0"]
[WhiteElo "2675"]
[BlackElo "2617"]
[PlyCount "89"]
[EventDate "2006.08.19"]
[EventType "schev"]
[EventRounds "10"]
[EventCountry "NED"]
[SourceTitle "CBM 114"]
[Source "ChessBase"]
[SourceDate "2006.10.02"]
[SourceVersion "1"]
[SourceVersionDate "2006.10.02"]
[SourceQuality "1"]

1. e4 {Ftacnik,Lubomir Ftacnik,Lubomir} c5 2. Nf3 d6 3. d4 Nf6 4. Nc3 cxd4 5. Nxd4 a6 6. Be3 e5 7. Nf3 Be7 8. Bc4 O-O 9. O-O Be6 10. Bb3 Nc6 11. Qe2 Na5 12. Rfd1 Nxb3 13. cxb3 ({RR} 13. axb3 Qc7 14. Bg5 Nh5 15. Bxe7 Qxe7 16. Qe3 Nf6 17. Rd2 Rad8 18. Rad1 Qc7 19. h3 h6 20. Nh2 b5 21. Nf1 b4 22. Na4 d5 23. exd5 Rxd5 24. Rxd5 Nxd5 25. Qc5 Qb7 26. Qd6 Nf4 27. Ne3 Bxh3 {Sathvik Adiga (2396)-Temirbekov,T (2301) Durres ALB 2025 1-0 (53)}) 13... Qe8 ({RR} 13... Qb8 14. Bg5 b5 15. Rd3 ({RR} 15. Ne1 h6 16. Bxf6 Bxf6 17. Nc2 Bd8 18. Nb4 Bb6 19. Ncd5 Bc5 20. Nc6 Qb7 21. b4 Bxd5 22. exd5 Bb6 23. a4) 15... h6 16. Bxf6 ({RR} 16. Be3 Qb7) 16... Bxf6 17. Rad1 Be7 18. Nd5 Bxd5 19. Rxd5 ({RR} 19. exd5 Qb7 20. Rc3 Rac8 21. Qc2 Rxc3 22. bxc3 Rc8) 19... Qc7 20. Ne1 Rac8 21. g3 ({RR} 21. Nd3 Qa7) 21... f5 22. exf5 Rxf5 23. Qe4 ({RR} 23. f4 Qa7+ 24. Kh1 Rcf8 25. Nd3 Qb7 26. Qe4) 23... Rcf8 24. R1d2 h5 25. Rc2 Qa7 26. Nd3 h4 27. Kg2 ({RR} 27. Nf4 Bg5 28. Nh3 Be7 29. Rd3 hxg3 30. hxg3 Qd7 31. f3) ({RR} 27. Qg4 hxg3 28. hxg3 Rg5 29. Qe6+ Kh7 30. Nc5) 27... hxg3 ({RR} 27... Qd7 28. a4 Rh5 29. Kg1 hxg3 30. hxg3) 28. hxg3 {Leko,P (2753)-Shirov,A (2755) Morelia/Linares 2008 CBM 123 [Ftacnik,Lubomir] ½-½ (37)}) ({RR} 13... Nd7 14. Nd2 Qc7 15. Rac1 Rfc8 16. Nd5 Qd8 ({RR} 16... Qxc1 17. Nxe7+ Kf8 18. Rxc1 Rxc1+ 19. Nf1 Rxf1+ 20. Kxf1 Kxe7 21. Qc2 Kd8 22. f4) 17. Rxc8 ({RR} 17. Nxe7+ Qxe7 18. Nc4 Rc6 19. Na5 Rxc1 20. Rxc1 h6 21. Nxb7 Nf6 22. Na5 Nxe4) 17... Rxc8 18. Nxe7+ Qxe7 19. Nc4 Bxc4 ({RR} 19... Rc6 20. Na5 Rc7 21. Qd2 Nf8 22. Qb4 Rd7 23. f3) 20. bxc4 Nc5 21. b3 ({RR} 21. f3 Ne6 22. g3 Rc6) 21... Rc6 ({RR} 21... Nxe4 22. Qg4) 22. Qc2 h6 23. g3 Qc7 24. Kg2 ({RR} 24. Bxc5 Rxc5 25. Qd2 Rc6 26. Qd5) 24... Nd7 25. Qd3 Nf6 26. a4 Nd7 27. h3 ({RR} 27. b4 Rxc4 28. Bc5 b5) 27... Kf8 ({RR} 27... Qa5 28. Qe2 Qb4 29. Rd3 Nc5 30. Bxc5 Qxc5) 28. Bc1 {Carlsen,M (2733)-Ivanchuk,V (2751) Morelia/Linares 2008 CBM 123 [Ftacnik,Lubomir] ½-½ (39)} ({RR} 28. b4 Rxc4 ({RR} 28... Nf6 29. b5 Rxc4 30. Bb6 Qc8 31. Qxd6+ Kg8 32. Qe7 Qe6 33. Rd8+ Kh7 34. Qxe6 fxe6 35. bxa6 bxa6 36. a5 Nxe4 37. Ra8) ({RR} 28... a5 29. c5 axb4 30. cxd6 Qa5 31. Qb3 Ra6 32. Bd2 Qxa4 33. Rc1) 29. Bc5 Rxc5 30. bxc5 Nxc5 31. Qxd6+ Qxd6 32. Rxd6 Nxa4 33. Rd5 f6 ({RR} 33... Nc3 34. Rxe5 f6 35. Rc5 Nxe4 36. Rc8+ Ke7 37. Rc7+) 34. Rd8+ Ke7 35. Rg8 Kf7 36. Rc8 b6 37. Rc7+ Kg6 ({RR} 37... Kf8 38. Rb7 Nc5 ({RR} 38... b5 39. Kf3) 39. Rxb6 Nxe4 40. Rxa6) 38. f4 exf4 39. gxf4 Nc5 40. Kf3 a5 41. Rc6)) 14. Ne1 ({RR} 14. Bg5 Nh5 15. Nd2 f5 16. Bxe7) 14... h6 $146 ({RR} 14... Rc8 15. Nc2 Rxc3 16. bxc3 Nxe4 17. Qd3 f5 18. Nb4 Kh8 19. Rac1 Qg6 20. f3 Nf6 21. c4 e4 22. fxe4 fxe4 23. Qd2 Ng4 24. Rf1 Re8 25. Nd5 Bxd5 26. cxd5 Nxe3 27. Qxe3 Bg5 28. Qf2 h5 29. Rce1 {Haba,P (2454)-Nemec,J (2345) Czech Republic CZE 2022 ½-½ (48)}) ({RR} 14... Ng4 15. Nc2 f5 16. f3 Nxe3 17. Nxe3 fxe4 18. Nxe4 Rd8 19. Nd5 Qf7 20. Qd3 Bxd5 21. Qxd5 Qxd5 22. Rxd5 Kf7 23. Rad1 Ke6) ({RR} 14... Rd8 15. Bg5 Ng4 16. Bxe7 Qxe7 17. Nc2 Qh4 18. h3 Nf6 19. Nb4 Nh5 20. Nbd5 f5 21. exf5 Rxf5 22. Ne4 Bxd5 23. Rxd5 Nf4 24. Qg4 Qxg4 25. hxg4 Nxd5 26. gxf5 Ne7 27. g4 h6 28. Rd1 d5 29. Nc5 {Ponkratov,P (2644)-Iljiushenok,I (2540) Skolkovo 2019 1-0 (41)}) 15. Nc2 Qd7 16. Nb4 Rfc8 17. f3 Bd8 18. Rd3 a5 19. Nbd5 Nxd5 20. Nxd5 a4 21. bxa4 Rxa4 22. b3 Ra6 23. Rad1 Ra5 24. Nb6 Bxb6 25. Bxb6 Ra6 26. Rxd6 Qe7 27. Qb2 Qg5 28. a4 h5 29. a5 h4 30. b4 Raa8 31. Qd2 Qxd2 32. R1xd2 Rc4 33. Bc5 Rc8 34. Rb6 Rc7 35. Kf2 Kh7 36. Bd6 Rd7 37. Ke3 f6 38. Bxe5 fxe5 39. Rxe6 Rxd2 40. Kxd2 Rxb4 41. Rxe5 Rb2+ 42. Kc3 Rxg2 43. Rh5+ Kg6 44. Rxh4 Ra2 45. Kb4 1-0

[Event "Amsterdam NH Hotels 1st"]
[Site "Amsterdam"]
[Date "2006.08.28"]
[Round "9"]
[White "Carlsen, Magnus"]
[Black "Beliavsky, Alexander G"]
[Result "0-1"]
[WhiteElo "2675"]
[BlackElo "2625"]
[PlyCount "112"]
[EventDate "2006.08.19"]
[EventType "schev"]
[EventRounds "10"]
[EventCountry "NED"]
[SourceTitle "CBM 114"]
[Source "ChessBase"]
[SourceDate "2006.10.02"]
[SourceVersion "1"]
[SourceVersionDate "2006.10.02"]
[SourceQuality "1"]

1. e4 e5 2. Nf3 Nc6 3. Bb5 a6 4. Ba4 Nf6 5. O-O Be7 6. d3 d6 7. c3 O-O 8. Nbd2 Nd7 9. Bc2 Bf6 ({RR} 9... Nb6 10. d4 exd4 11. Nxd4 Nxd4 12. cxd4 f5 13. Bb3+ Kh8 14. e5 f4 15. exd6 Qxd6 16. Re1 f3 17. Nxf3 Bg4 18. Re3 Bh4 19. Qd3 Bxf3 20. Rxf3 Rxf3 21. gxf3 Re8 22. Be3 Nd5 23. Kh1 Nxe3 24. fxe3 {Karjakin,S (2725)-Carlsen,M (2813) Nice 2010 0-1 (64)}) ({RR} 9... Nb6 10. b4 f5 11. a4 fxe4 12. dxe4 Bg4 13. h3 Bh5 14. Re1 Bg5 15. g4 Be8 16. Nxg5 Qxg5 17. Nf3 Qf6 18. Kg2 Bd7 19. a5 Nc8 20. Bb3+ Kh8 21. g5 Qd8 22. Nh4 N8e7 23. Kg3 Qe8 24. Qe2 {Vachier Lagrave,M (2736)-Ivanchuk,V (2673) Jerusalem ISR 2022 ½-½ (71)}) 10. Nc4 ({RR} 10. Re1 g6 11. Nf1 Bg7 12. Ng3 Nb6 13. h3 d5 14. Qe2 h6 15. Be3 Be6 16. Bxb6 cxb6 17. Bb3 b5 18. Nf1 Na5 19. Bxd5 Bxd5 20. exd5 Qxd5 21. Qe4 Qxe4 22. dxe4 Nc4 23. b3 Nd6 24. Rad1 Rfd8 {Kotsur,P (2548)-Carlsen,M (2837) Astana 2012 0-1 (46)}) 10... Ne7 $146 ({RR} 10... b5 11. Ne3 Nb6 12. d4 Ne7 13. dxe5 dxe5 14. b3 Be6 15. Ba3 Re8 16. Qxd8 Raxd8 17. Rfd1 Ng6 18. Rxd8 Rxd8 19. Rd1 Rxd1+ 20. Bxd1 Bd8 21. g3 f6 22. Ne1 Nf8 23. Nd3 Nfd7 24. f4 a5 25. Kf2 {Zivkovic,V (2363)-Krstic,U (2436) Bol 2014 ½-½ (40)}) ({RR} 10... g6 11. Bh6 Bg7 12. Qd2 Nf6 13. h3 Nh5 14. d4 exd4 15. Bxg7 Kxg7 16. Nxd4 Nxd4 17. cxd4 d5 18. exd5 Qxd5 19. Ne3 Qd6 20. d5 Nf6 21. Qc3 b5 22. Rfd1 Bb7 23. Be4 Kg8 24. Bf3 Rfd8 25. a4 {Demianjuk,A (2340)-Severina,M (2232) Taganrog 2013 1-0}) 11. Ne3 g6 12. d4 Bg7 13. dxe5 Nxe5 14. Nxe5 dxe5 15. Bb3 Bd7 16. Ng4 Kh8 17. Nh6 Be8 18. Qf3 Nc8 19. Qg3 Nd6 20. Re1 Bc6 21. f3 Qe7 22. Ng4 Rae8 23. Ne3 f5 24. Nd5 Qd7 25. Qh4 fxe4 26. fxe4 Bxd5 27. Bxd5 Bf6 28. Qg3 c6 29. Bb3 Bd8 30. Qd3 Bb6+ 31. Kh1 Qg4 32. Be3 Bxe3 33. Qxe3 Rf4 34. Bd1 Qg5 35. Qd3 Rf2 36. Bf3 Rd2 37. Qf1 Rxb2 38. Rad1 Rd8 39. c4 Kg7 40. Qd3 Nf7 41. Qa3 Rdd2 42. Rxd2 Qxd2 43. Rd1 Rxa2 44. Qe7 Qc3 45. h4 Ra1 46. Rxa1 Qxa1+ 47. Kh2 b5 48. c5 Qc1 49. h5 b4 50. Bg4 Qf4+ 51. Kh3 Kh6 52. Qf8+ Kg5 53. Qe7+ Qf6 54. Qd7 Kh6 55. hxg6 hxg6 56. Qd2+ Qf4 0-1

[Event "NOR-ch playoff"]
[Site "Oslo"]
[Date "2006.09.21"]
[Round "4"]
[White "Carlsen, Magnus"]
[Black "Agdestein, Simen"]
[Result "1-0"]
[WhiteElo "2675"]
[BlackElo "2575"]
[PlyCount "57"]
[EventDate "2006.09.19"]
[EventType "match"]
[EventRounds "4"]
[EventCountry "NOR"]
[SourceTitle "CBM 115"]
[Source "ChessBase"]
[SourceDate "2006.11.15"]
[SourceVersion "1"]
[SourceVersionDate "2006.11.15"]
[SourceQuality "1"]

1. e4 e5 2. Nf3 Nc6 3. Bb5 g6 4. c3 a6 5. Ba4 d6 6. d4 Bd7 7. dxe5 b5 ({RR} 7... Nxe5 8. Nxe5 dxe5 9. Be3 Nf6 10. Nd2 b5 11. Bb3 Bd6 12. Qf3 h6 13. a4 Rb8 14. axb5 axb5 15. O-O Qe7 16. h3 Kf8 17. Bc2 Kg7 18. b4 Nh7 19. Qe2 c5 20. Nb3 cxb4 21. Rfd1 Rhd8 22. Ra7 {Sutovsky,E (2650)-Rodshtein,M (2701) Poikovsky 2017 1-0 (36)}) ({RR} 7... Nxe5 8. Nxe5 dxe5 9. Bxd7+ Qxd7 10. Qxd7+ Kxd7 11. Ke2 Bh6 12. Rd1+ Ke6 13. Na3 f6 14. Nc4 Bxc1 15. Raxc1 Ne7 16. Rd3 Rad8 17. Rcd1 Nc6 18. Rxd8 Rxd8 19. Rxd8 Nxd8 20. Ke3 Nf7 21. f3 h5 22. h4 {Goltsev,D (2226)-Sheehan,E (2363) chess.com INT 2025 0-1 (67)}) 8. Bb3 dxe5 $146 ({RR} 8... Bg7 9. exd6 Ne5 10. Nxe5 Bxe5 11. Qd5 Be6 12. Qxe5 Nf6 13. Bg5 Kd7 14. O-O Qe8 15. Bxf6 Rg8 16. Rd1 c6 17. Nd2 h5 18. Be7 Kc8 19. a4 Rb8 20. Bxe6+ {1-0 (20) Burrows,G-Lin,Z Auckland 2010}) 9. Qd5 Qf6 10. Nxe5 Nxe5 11. Qxa8+ Ke7 12. Be3 Bc6 13. Bc5+ Kd7 14. Qxf8 Nh6 15. Qxh6 Nd3+ 16. Ke2 Nxc5 17. f3 Re8 18. Nd2 Kc8 19. Qe3 Qe7 20. Rhd1 f5 21. Kf1 g5 22. Kg1 f4 23. Qe2 h5 24. Bc2 Nd7 25. a4 Ne5 26. axb5 axb5 27. Nb3 g4 28. Nd4 Qc5 29. Kh1 1-0

[Event "Bundesliga 0607"]
[Site "Germany"]
[Date "2006.12.09"]
[Round "5.2"]
[White "Carlsen, Magnus"]
[Black "Socko, Bartosz"]
[Result "1-0"]
[WhiteElo "2698"]
[BlackElo "2630"]
[PlyCount "123"]
[EventDate "2006.10.28"]
[EventType "team-tourn"]
[EventRounds "15"]
[EventCountry "GER"]
[SourceTitle "CBM 116"]
[Source "ChessBase"]
[SourceDate "2007.02.01"]
[SourceVersion "1"]
[SourceVersionDate "2007.02.01"]
[SourceQuality "1"]
[WhiteTeam "Baden-Baden"]
[BlackTeam "Kreuzberg"]
[WhiteTeamCountry "GER"]
[BlackTeamCountry "GER"]

1. e4 e5 2. Nf3 Nc6 3. Bb5 a6 4. Ba4 Nf6 5. O-O Be7 6. Re1 b5 7. Bb3 d6 8. c3 O-O 9. h3 Nb8 10. d4 Nbd7 11. Nbd2 Bb7 12. Bc2 Re8 13. Nf1 Bf8 14. Ng3 g6 15. b3 Bg7 16. d5 Qe7 17. c4 Qf8 $146 ({RR} 17... c5 18. dxc6 Bxc6 19. Bg5 bxc4 20. bxc4 Nc5 21. Qd2 Qf8 22. Qe2 h6 23. Bd2 Rab8 24. Bc3 Kh7 25. Nh2 Qe7 26. Ng4 Nxg4 27. hxg4 Qe6 28. Rab1 Rec8 29. Nf1 Ba4 30. Ne3 Bc6 31. f3 Bf6 32. Nd5 {Ameir,M (2364)-Gattani,S (1944) chess.com INT 2025 ½-½ (82)}) ({RR} 17... c6 18. Be3 Nc5 19. Qd2 a5 20. a3 a4 21. Bxc5 dxc5 22. cxb5 cxd5 23. exd5 axb3 24. Bxb3 Qd6 25. Ra2 h6 26. Qd3 Rad8 27. Rd2 Nxd5 28. Red1 Qb6 29. Qc4 Qc7 30. Rxd5 Bxd5 31. Rxd5 Rxd5 32. Qxd5 {Anand,V (2773)-Harikrishna,P (2729) Kolkata 2018 1-0 (33)}) ({RR} 17... c5 18. cxb5 axb5 19. Bd3 b4 20. Nd2 Nb6 21. a4 bxa3 22. Bxa3 Qc7 23. Qe2 Bh6 24. Ngf1 Ra7 25. Bb2 Rea8 26. Rxa7 Rxa7 27. Ra1 Bc8 28. Ba6 Bd7 29. Bb5 Rxa1 30. Bxa1 Qa7 {½-½ (30) Balogh,C (2609)-Socko,B (2637) Wroclaw 2009}) 18. Be3 Bh6 19. Bxh6 Qxh6 20. cxb5 axb5 21. b4 Rec8 22. Bb3 c5 23. dxc6 Rxc6 24. Qd3 Ba6 25. Nf1 Rac8 26. Ne3 Qf4 27. Qd1 h6 28. h4 Kg7 29. Bd5 Nxd5 30. Nxd5 Qg4 31. Ne7 Nf6 32. Nxc6 Rxc6 33. a4 Bb7 34. axb5 Rb6 35. Nd2 Qxh4 36. Qe2 d5 37. Nf3 Qh5 38. exd5 e4 39. Nd2 Ng4 40. Qxe4 Rf6 41. Qd4 Nxf2 42. Nf3 Nh3+ 43. Kf1 Ng5 44. Re3 Bxd5 45. Ra6 Ne6 46. Qc3 Qh1+ 47. Kf2 g5 48. Ra1 Qh4+ 49. Kg1 Bxf3 50. Rxf3 Nd4 51. Re3 Qf2+ 52. Kh2 Nxb5 53. Qe5 Qh4+ 54. Kg1 Qf2+ 55. Kh1 Kg6 56. Rh3 Nd6 57. Ra8 Nf5 58. Rg8+ Kh7 59. Rxg5 Ne3 60. Qg3 Qf1+ 61. Kh2 Nf5 62. Qe5 1-0